LEADER 00870nam0-22003131i-450- 001 990000448890403321 005 20070831105603.0 010 $a0-07-037843-6 035 $a000044889 035 $aFED01000044889 035 $a(Aleph)000044889FED01 035 $a000044889 100 $a20020821d1983----km-y0itay50------ba 101 0 $aeng 105 $aa-------001yy 200 1 $aSpacecraft dynamics$fThomas R. Kane, Peter W. Likins, David A. Levinson 210 $aNew York [etc.]$cMcGraw-Hill$dc1983 215 $a436 p.$cill.$d23 cm 610 0 $aVeicoli spaziali$aDinamica 676 $a629.47 700 1$aKane,$bThomas R. 701 1$aLevinson,$bDavid A. 701 1$aLikins,$bPeter W. 801 0$aIT$bUNINA$gRICA$2UNIMARC 901 $aBK 912 $a990000448890403321 952 $a10 D III 603$b2320 DIS$fDINEL 959 $aDINEL 997 $aUNINA LEADER 01120nam2 2200289 i 450 001 CFI0252615 005 20251003044137.0 010 $a8823802199 020 $aIT$b94-282 100 $a20130827d1993 ||||0itac50 ba 101 | $aita 102 $ait 181 1$6z01$ai $bxxxe 182 1$6z01$an 200 1 $aˆ2: ‰Strategia e organizzazione delle aziende 210 $aMilano$cEGEA$d[1993! 215 $aXXIX, 1000 p.$d25 cm. 461 1$1001CFI0252604$12001 $aScritti in onore di Carlo Masini$v2 676 $a658.401$9GESTIONE ESECUTIVA. PIANIFICAZIONE, FORMAZIONE DEGL'INDIRIZZI, CONTROLLO, GESTIONE DELLA QUALITA$v21 676 $a658.4012$9GESTIONE ESECUTIVA. PIANIFICAZIONE E FORMAZIONE DEGL'INDIRIZZI$v21 801 3$aIT$bIT-000000$c20130827 850 $aIT-BN0095 912 $aCFI0252615 950 2$aBiblioteca Centralizzata di Ateneo$cv. 1-4$d 01POZZO LIB.ECON MON 4513$e 0101 0000122625E VMA (2 v. 2$fB $h20210324$i20210324 977 $a 01 996 $aStrategia e organizzazione delle aziende$9972080 997 $aUNISANNIO